000
00321nam a2200133Ia 4500
008
191201s2005 xx 000 0 und d
082
_a
658.81
_b
SPS
100
_a
Spiegel, Murray
245
0
_a
Schaum's outlines Statistics
260
_a
N.Delhi
_b
TMH
_c
2005
300
_a
538
650
_a
B.Tech(CSE)
942
_2
ddc
_c
BK
_0
1
999
_c
1482
_d
1482